Stati che iniziano con la U - Statistics

Statistiche generali
  • Questo quiz è stato fatto 135 volte
  • Il punteggio medio è 4 su 5
Statistiche sulle risposte
Superficie (km²) Popolazione (ab.) Stato % Corretto
241 550 48 744 182 Uganda
94%
447 400 34 438 040 Uzbekistan
88%
176 215 3 530 912 Uruguay
79%
93 028 9 769 526 Ungheria
70%
603 550 43 073 720 Ucraina
68%
Nessun quiz corrispondente trovato
Distribuzione punteggi
Percentuale di utenti per punteggio
Percentile per numero di risposta
I tuoi punteggi nel tempo
Non hai fatto questo quiz